LIBRARY ONLINE CATALOGUE

!SO 15189 Medical laboratories : (Record no. 15285)

MARC details
000 -LEADER
fixed length control field 00762cam a22002172 4500
001 - CONTROL NUMBER
control field 0000023516
005 - DATE AND TIME OF LATEST TRANSACTION
control field 20151217161203.0
008 - FIXED-LENGTH DATA ELEMENTS--GENERAL INFORMATION
fixed length control field 130211s xx 000 0 eng d
040 ## - CATALOGING SOURCE
Original cataloging agency KABU
Transcribing agency KABU
110 2# - MAIN ENTRY--CORPORATE NAME
Corporate name or jurisdiction name as entry element International Organization for Standardization [ISO]
-- 0000182946
245 10 - TITLE STATEMENT
Title !SO 15189 Medical laboratories :
Remainder of title requirements for quality and competence /
Statement of responsibility, etc. ISO.
250 ## - EDITION STATEMENT
Edition statement 3rd ed.
260 ## - PUBLICATION, DISTRIBUTION, ETC. (IMPRINT)
Place of publication, distribution, etc. Geneva :
Name of publisher, distributor, etc. ISO,
Date of publication, distribution, etc. 2012.
300 ## - PHYSICAL DESCRIPTION
Extent v, 50 p.
650 #0 - SUBJECT ADDED ENTRY--TOPICAL TERM
Topical term or geographic name as entry element Diagnosis, Laboratory
General subdivision Standards.
-- 0000182951
650 #0 - SUBJECT ADDED ENTRY--TOPICAL TERM
Topical term or geographic name as entry element Medical laboratories
General subdivision Standards.
-- 0000182952
650 #0 - SUBJECT ADDED ENTRY--TOPICAL TERM
Topical term or geographic name as entry element Medical laboratories
General subdivision Quality control.
-- 0000182953
852 1# - LOCATION
-- p15456 KES
908 ## - PUT COMMAND PARAMETER (RLIN)
Put command parameter 130211
950 ## - LOCAL HOLDINGS (RLIN)
-- 1
Holdings
Withdrawn status Lost status Source of classification or shelving scheme Not for loan Home library Current library Date acquired Total Checkouts Full call number Barcode Date last seen Price effective from Koha item type
    Library of Congress Classification Not For Loan Kabarak, Main Campus Kabarak, Main Campus 17/12/2015   RB37 .I86 2012 c. 1 014318 17/12/2015 17/12/2015 Reference